Combustibles y combustión
Publicado:
Barcelona :
Escuela Elemental del Trabajo de la Diputación Provincial de Barcelona. Servicio de Extensión de Enseñanzas Técnicas. Editorial y Escuela por correspondencia ,
1941
Descripción Física:
62 p. : il. ; 21 cm
Otros Autores:
Servicio de Extensión de Enseñanzas Técnicas
,
Escola Elemental del Treball (Barcelona)
Materias:
Combustió
MARC
| LEADER | 00000nam a2200000Ia 4500 | ||
|---|---|---|---|
| 001 | 6190 | ||
| 008 | 160829s1941 xx 000 0 cat d | ||
| 080 | |a C-1-426 | ||
| 245 | |a Combustibles y combustión | ||
| 260 | |a Barcelona : |b Escuela Elemental del Trabajo de la Diputación Provincial de Barcelona. Servicio de Extensión de Enseñanzas Técnicas. Editorial y Escuela por correspondencia, |c 1941 | ||
| 300 | |a 62 p. : |b il. ; |c 21 cm | ||
| 650 | |a Combustió |9 27633 | ||
| 700 | |a Servicio de Extensión de Enseñanzas Técnicas |9 22818 | ||
| 700 | |a Escola Elemental del Treball (Barcelona) |9 55345 | ||
| 710 | 1 | |a Barcelona (Catalunya : Província). |b Diputació |9 52408 | |
| 901 | |a Arxiu | ||
| 942 | |n 1 | ||
| 952 | |0 0 |1 0 |4 0 |6 C1426 |7 1 |9 47708 |a Arxiu |b Arxiu |d 2016-12-01 |l 0 |o C-1-426 |p 6190 |r 2016-12-01 00:00:00 |w 2016-12-01 |y ARXIU | ||
| 999 | |c 51507 |d 51507 | ||